| 000 | 00615nam a2200217Ia 4500 | ||
|---|---|---|---|
| 003 | OSt | ||
| 005 | 20220928133225.0 | ||
| 006 | a|||||r|||| 00| 0 | ||
| 007 | ta | ||
| 008 | 220927b |||||||| |||| 00| 0 hin d | ||
| 024 | _a63730 | ||
| 037 | _cTextual | ||
| 040 |
_aSDCL _cSDCL _bhin |
||
| 041 |
_2hin _ahin |
||
| 082 | _aO152,3N9:g(Y), P8 | ||
| 100 |
_aPawar Rameshwar Au. _9484815 |
||
| 245 | 0 | _aNavam dashak ki kahaniyon ka smajshastriye adhyyan | |
| 260 |
_aKanpur _bVikas Prakashan _c2008 |
||
| 942 |
_hO152,3N9:g(Y), P8 _cTEXL _2CC |
||
| 999 |
_c798377 _d798377 |
||